| 000 | 01126nam a22002777a 4500 | ||
|---|---|---|---|
| 005 | 20240604162646.0 | ||
| 008 | 240604s2024 wlk|||||o||||o00| 0 eng d | ||
| 020 | _a9781835778432 | ||
| 020 | _a9781836251521 | ||
| 041 | _aeng | ||
| 245 |
_aThe Welsh Housing Quality Standard 2023 _b - with accompanying guide for tenants |
||
| 250 | _aApril 2024 edition | ||
| 260 |
_bWelsh Government, _cApril 2024 |
||
| 300 | _a79p. | ||
| 520 | _aProvides advice for social landlords on the minimum quality standards for existing social homes. Guidance for tenants is also available. | ||
| 650 | _aSOCIAL HOUSING | ||
| 650 | _aHOUSING STANDARDS | ||
| 650 | _aLANDLORD AND TENANT | ||
| 650 | _aWALES | ||
| 662 | _aWales | ||
| 690 |
_aLandlord and tenant _96252 |
||
| 710 | 2 |
_96155 _aWelsh Government |
|
| 856 |
_uhttps://www.gov.wales/sites/default/files/publications/2024-04/welsh-housing-quality-standard-2023%20%281%29.pdf _zStandard available online |
||
| 856 |
_uhttps://www.gov.wales/sites/default/files/publications/2024-06/welsh-housing-quality-standard-2023-easy-read_0.pdf _zTenant guide |
||
| 942 |
_cONLINE _2ddc |
||
| 999 |
_c121948 _d121948 |
||